Dividend practices in commercial banks with reference to SCBNL, NABIL, EBL, BOK and HBL (Record no. 70731)
[ view plain ]
| 000 -LEADER | |
|---|---|
| fixed length control field | 00523nam a22001817a 4500 |
| 008 - FIXED-LENGTH DATA ELEMENTS--GENERAL INFORMATION | |
| fixed length control field | 000000b xxu||||| |||| 00| 0 und d |
| 041 ## - LANGUAGE CODE | |
| Language code of text/sound track or separate title | Eng |
| 082 ## - DEWEY DECIMAL CLASSIFICATION NUMBER | |
| Classification number | CD8163 |
| 100 ## - MAIN ENTRY--PERSONAL NAME | |
| Personal name | Bhatta, Pradeep |
| 245 ## - TITLE STATEMENT | |
| Title | Dividend practices in commercial banks with reference to SCBNL, NABIL, EBL, BOK and HBL |
| 260 ## - PUBLICATION, DISTRIBUTION, ETC. | |
| Date of publication, distribution, etc. | 2010 |
| 502 ## - DISSERTATION NOTE | |
| Dissertation note | Dissertation |
| Degree type | Degree in management |
| Name of granting institution | Shankar Dev Campus |
| 650 ## - SUBJECT ADDED ENTRY--TOPICAL TERM | |
| Topical term or geographic name entry element | Banking |
| 650 ## - SUBJECT ADDED ENTRY--TOPICAL TERM | |
| Topical term or geographic name entry element | Commercial banks |
| 650 ## - SUBJECT ADDED ENTRY--TOPICAL TERM | |
| Topical term or geographic name entry element | Dividend practices |
| 650 ## - SUBJECT ADDED ENTRY--TOPICAL TERM | |
| Topical term or geographic name entry element | Management |
| 942 ## - ADDED ENTRY ELEMENTS (KOHA) | |
| Koha item type | General Collections |
| Source of classification or shelving scheme | Dewey Decimal Classification |
| Withdrawn status | Lost status | Damaged status | Not for loan | Home library | Current library | Date acquired | Total Checkouts | Full call number | Barcode | Date last seen | Price effective from | Koha item type |
|---|---|---|---|---|---|---|---|---|---|---|---|---|
| Tribhuvan University Central Library | Tribhuvan University Central Library | 04/16/2014 | CD8163 | A8111 | 04/16/2014 | 04/16/2014 | General Collections |
